Výkon práce vo verejnom záujme v zahraničí a platové tarify

Práca vo verejnom záujme - definícia. Predpoklady výkonu práce vo verejnom záujme. Osobitný kvalifikačný predpoklad. Plat je poskytovaný za prácu, funkčný plat. Zamestnávateľ zaradí zamestnanca do platovej triedy. Pri zamestnancovi, ktorý vykonáva pracu vo verejnom záujme v zahraničí, poskytuje sa...

ver descrição completa

Na minha lista:
Detalhes bibliográficos
Autor principal: Slaninková, Katarína
Formato: Capítulo de Livro
Idioma:eslovaco
Assuntos:
Tags: Adicionar Tag
Sem tags, seja o primeiro a adicionar uma tag!

MARC

LEADER 00000naa$a2200000$$$4500
001 0071854
005 20231120110209.5
041 0 |a slo 
044 |a SK 
245 1 0 |a Výkon práce vo verejnom záujme v zahraničí a platové tarify  |c Katarína Slaninková 
520 |a Práca vo verejnom záujme - definícia. Predpoklady výkonu práce vo verejnom záujme. Osobitný kvalifikačný predpoklad. Plat je poskytovaný za prácu, funkčný plat. Zamestnávateľ zaradí zamestnanca do platovej triedy. Pri zamestnancovi, ktorý vykonáva pracu vo verejnom záujme v zahraničí, poskytuje sa mu časť platu v peňažných prostriedkoch v cudzej mene (60 percent funkčného platu) a 40 percent funkčného platu sa mu poskytuje v slovenských korunách. Základná stupnica platových taríf zamestnancov pri výkone práce vo verejnom záujme. 
610 2 0 |a práca 
610 2 0 |a záujmy verejné 
610 2 0 |a práca v zahraničí 
610 2 0 |a platy 
100 1 |a Slaninková, Katarína